Kluby PKO BP Ekstraklasy 2023/24 - Statystyki

Ogólne statystyki
  • Ten quiz został rozwiązany 719 razy
    359 od ostatniego zresetowania
  • Średni wynik to 15 z 18
Statystyki odpowiedzi
Odpowiedź % Poprawnych
Lech Poznań
99%
Legia Warszawa
98%
Pogoń Szczecin
90%
Śląsk Wrocław
90%
ŁKS Łódź
88%
Raków Częstochowa
88%
Widzew Łódź
88%
Cracovia
86%
Jagiellonia Białystok
86%
Ruch Chorzów
85%
Górnik Zabrze
84%
Warta Poznań
81%
Zagłębie Lubin
80%
Puszcza Niepołomice
79%
Korona Kielce
76%
Radomiak Radom
75%
Stal Mielec
70%
Piast Gliwice
69%
Nie znaleziono quizów pasujących do podanych kryteriów
Rozkład punktacji
Procent ludzi z każdym wynikiem
Percentyl według liczby udzielonych odpowiedzi
Twoja historia wyników
Nie rozwiązałeś tego quizu od ostatniego zresetowania